[Event "18. Open Ciutat de Montcada 2010"]
[Site "Montcada i Reixac ESP"]
[Date "2010.07.02"]
[Round "8.2"]
[White "Narciso Dublan, Marc"]
[Black "Gonzalez Vidal, Yuri"]
[Result "1/2-1/2"]
[WhiteElo "2535"]
[BlackElo "2543"]
[PlyCount "68"]
[EventDate "2010.06.25"]
[EventType "swiss"]
[EventRounds "9"]
[EventCountry "ESP"]
[Source "lmi"]
[SourceDate "2010.06.25"]

1. d4 Nf6 2. c4 e6 3. Nc3 Bb4 4. Qc2 O-O 5. Nf3 c5 6. dxc5 Na6 7. c6 bxc6 8. e3
d5 9. Be2 Ne4 10. O-O Bxc3 11. bxc3 Qa5 12. Bd2 Nac5 13. cxd5 cxd5 14. c4 Nxd2
15. Nxd2 Ba6 16. Nb3 Qb4 17. cxd5 Nxb3 18. axb3 Rfc8 19. Qd1 Bxe2 20. Qxe2 exd5
21. Rfb1 g6 22. Ra4 Qc3 23. Rd4 Rab8 24. Qd1 Qc2 25. Rxd5 Qxd1+ 26. Rdxd1 Rc3
27. b4 Rc4 28. b5 Rc5 29. Ra1 Rb7 30. g3 Rcxb5 31. Kg2 Kg7 32. Rd8 Rb1 33. Ra4
R1b4 34. Ra1 Rb1 1/2-1/2

[Event "18. Open Ciutat de Montcada 2010"]
[Site "Montcada i Reixac ESP"]
[Date "2010.07.02"]
[Round "8.4"]
[White "Mihailovs, Jurijs"]
[Black "Karlsson, Lars"]
[Result "1-0"]
[WhiteElo "2405"]
[BlackElo "2453"]
[PlyCount "75"]
[EventDate "2010.06.25"]
[EventType "swiss"]
[EventRounds "9"]
[EventCountry "ESP"]
[Source "lmi"]
[SourceDate "2010.06.25"]

1. d4 e6 2. c4 f5 3. Nf3 Nf6 4. Nc3 Bb4 5. Qb3 a5 6. a3 a4 7. Qc2 Bxc3+ 8. Qxc3
d6 9. Bg5 Nbd7 10. e3 h6 11. Bxf6 Qxf6 12. Bd3 e5 13. Bc2 e4 14. Nd2 c5 15.
O-O-O O-O 16. f3 exf3 17. gxf3 Re8 18. Qd3 Nf8 19. Rhg1 Be6 20. f4 Rec8 21. d5
Bd7 22. Nb1 Re8 23. Nc3 Re7 24. Rg3 Qh4 25. Qd2 Rf7 26. Rdg1 Qe7 27. Bd1 Qf6
28. Kb1 Re7 29. Bc2 Rb8 30. Qd3 Ra8 31. Ka2 Kh8 32. R1g2 Qh4 33. Qf1 Nh7 34.
Qg1 Nf6 35. Rxg7 Ng4 36. Rxe7 Qxe7 37. e4 Qf7 38. h3 1-0

[Event "18. Open Ciutat de Montcada 2010"]
[Site "Montcada i Reixac ESP"]
[Date "2010.07.02"]
[Round "8.5"]
[White "Panelo, Marcelo"]
[Black "Cruz, Filemon"]
[Result "1/2-1/2"]
[WhiteElo "2450"]
[BlackElo "2447"]
[PlyCount "85"]
[EventDate "2010.06.25"]
[EventType "swiss"]
[EventRounds "9"]
[EventCountry "ESP"]
[Source "lmi"]
[SourceDate "2010.06.25"]

1. d4 Nf6 2. c4 g6 3. Nc3 Bg7 4. e4 d6 5. Nf3 O-O 6. Be2 Na6 7. O-O e5 8. Be3
Ng4 9. Bg5 f6 10. Bc1 Qe8 11. h3 Nh6 12. Re1 Kh8 13. Rb1 Nb4 14. a3 Nc6 15. b4
Bd7 16. Nd5 Rc8 17. Bb2 Nd8 18. Qd2 Nhf7 19. Rbd1 Ne6 20. c5 Ba4 21. Rb1 dxc5
22. dxc5 Rd8 23. Qc3 c6 24. Ne3 Nd4 25. Nc4 Nxe2+ 26. Rxe2 Qe6 27. Ne3 Rd7 28.
Rd2 Rfd8 29. Re1 Bh6 30. Rxd7 Rxd7 31. Ng4 Bg7 32. Ne3 Kg8 33. Re2 b6 34. Rd2
b5 35. Bc1 Nd8 36. Rd3 Kf7 37. h4 h5 38. Ne1 Ke8 39. Qd2 Bb3 40. Qc3 Ba2 41.
Qd2 Bb1 42. N3c2 Nf7 43. Qc3 1/2-1/2

[Event "18. Open Ciutat de Montcada 2010"]
[Site "Montcada i Reixac ESP"]
[Date "2010.07.02"]
[Round "8.6"]
[White "Mestre Bellido, Hector"]
[Black "Bhat, Vinay S"]
[Result "1-0"]
[WhiteElo "2404"]
[BlackElo "2547"]
[PlyCount "78"]
[EventDate "2010.06.25"]
[EventType "swiss"]
[EventRounds "9"]
[EventCountry "ESP"]
[Source "lmi"]
[SourceDate "2010.06.25"]

1. e4 e5 2. Bc4 Nf6 3. d3 Nc6 4. Nf3 Be7 5. O-O O-O 6. a4 d6 7. a5 a6 8. c3 Kh8
9. Qb3 Nd7 10. d4 f5 11. exf5 Rxf5 12. d5 Ncb8 13. Be3 Rxf3 14. gxf3 Nf8 15.
Kh1 g5 16. Rg1 Ng6 17. Bd3 Nh4 18. Nd2 Nd7 19. Qc2 Nf8 20. Rg3 h6 21. Rag1 Qe8
22. f4 exf4 23. Bxf4 Qf7 24. Be3 Qxd5+ 25. Be4 Qf7 26. f4 d5 27. Bd3 g4 28. f5
Nxf5 29. Bxf5 Bxf5 30. Bd4+ Kg8 31. Rxg4+ Bg5 32. Qd1 Bxg4 33. Qxg4 Ng6 34. Nf3
Re8 35. h4 c5 36. Bxc5 Re4 37. Qg3 Nxh4 38. Nxh4 Qh5 39. Bf2 Rf4 1-0

[Event "18. Open Ciutat de Montcada 2010"]
[Site "Montcada i Reixac ESP"]
[Date "2010.07.02"]
[Round "8.7"]
[White "Gomez Jurado, Luis Alberto"]
[Black "Almeida Quintana, Omar"]
[Result "0-1"]
[WhiteElo "2287"]
[BlackElo "2541"]
[PlyCount "54"]
[EventDate "2010.06.25"]
[EventType "swiss"]
[EventRounds "9"]
[EventCountry "ESP"]
[Source "lmi"]
[SourceDate "2010.06.25"]

1. d4 g6 2. Nf3 Bg7 3. c4 d6 4. g3 Nf6 5. Nc3 O-O 6. Bg2 c6 7. O-O Qa5 8. h3
Be6 9. Qd3 Qa6 10. b3 d5 11. Nd2 Rd8 12. Bb2 Nbd7 13. cxd5 Qxd3 14. exd3 Nxd5
15. Nxd5 Bxd5 16. Bxd5 cxd5 17. Rac1 Rac8 18. f4 Nb8 19. Nf3 Nc6 20. Ne5 Nb4
21. Ba3 Nxa2 22. Ra1 Nc3 23. Bxe7 Re8 24. Bb4 Nb5 25. Rfc1 b6 26. Kf2 Nxd4 27.
Bc3 Nxb3 0-1

[Event "18. Open Ciutat de Montcada 2010"]
[Site "Montcada i Reixac ESP"]
[Date "2010.07.02"]
[Round "8.8"]
[White "Lorenzo De La Riva, Lazaro"]
[Black "Munoz Pantoja, Miguel"]
[Result "0-1"]
[WhiteElo "2390"]
[BlackElo "2476"]
[PlyCount "142"]
[EventDate "2010.06.25"]
[EventType "swiss"]
[EventRounds "9"]
[EventCountry "ESP"]
[Source "lmi"]
[SourceDate "2010.06.25"]

1. e4 c5 2. Nf3 Nc6 3. d4 cxd4 4. Nxd4 Nf6 5. Nc3 e5 6. Ndb5 d6 7. Bg5 a6 8.
Na3 b5 9. Nd5 Be7 10. Bxf6 Bxf6 11. c3 O-O 12. Nc2 Bg5 13. a4 bxa4 14. Rxa4 a5
15. Bc4 Rb8 16. b3 Kh8 17. Nce3 Be6 18. O-O g6 19. Re1 f5 20. exf5 gxf5 21. Nf1
e4 22. Nde3 Qe7 23. Bxe6 Qxe6 24. Nd5 Qg6 25. Ng3 Rb7 26. Ne2 Rg7 27. Nef4 Qh6
28. Ne2 Ne5 29. Ng3 Ng4 30. Nf1 Rfg8 31. Qd4 Bh4 32. Ra2 Ne5 33. Ng3 f4 34.
Qxe4 fxg3 35. hxg3 Bd8 36. Ne3 Ng4 37. Nxg4 Rxg4 38. Qc6 R4g6 39. Rae2 Qg5 40.
Re8 Qc5 41. Qf3 Qg5 42. Qc6 Bf6 43. b4 axb4 44. cxb4 Bd4 45. Rxg8+ Rxg8 46. Re8
Qf6 47. Rxg8+ Kxg8 48. Qc8+ Kf7 49. Qd7+ Kf8 50. Qc8+ Ke7 51. Qc7+ Ke6 52. Qc4+
Kd7 53. Qc2 Qg6 54. Qd1 Qe4 55. Qf1 Qc2 56. b5 Kc7 57. g4 Kb6 58. g3 d5 59. Kg2
Bc5 60. g5 d4 61. Qa1 Kxb5 62. Qa8 d3 63. Qb7+ Kc4 64. Qxh7 Qxf2+ 65. Kh3 Qf1+
66. Kg4 Qd1+ 67. Kf4 Bd6+ 68. Kf5 Qf3+ 69. Ke6 Qd5+ 70. Kf6 Qe5+ 71. Kf7 Qe7+
0-1

[Event "18. Open Ciutat de Montcada 2010"]
[Site "Montcada i Reixac ESP"]
[Date "2010.07.02"]
[Round "8.9"]
[White "Cruz, Jonathan"]
[Black "Sanchez Ibern, Marc"]
[Result "1/2-1/2"]
[WhiteElo "2437"]
[BlackElo "2241"]
[PlyCount "139"]
[EventDate "2010.06.25"]
[EventType "swiss"]
[EventRounds "9"]
[EventCountry "ESP"]
[Source "lmi"]
[SourceDate "2010.06.25"]

1. g3 Nf6 2. Bg2 d5 3. d3 e5 4. Nd2 Nc6 5. c4 g6 6. Rb1 a5 7. cxd5 Nxd5 8. Ngf3
Bg7 9. O-O O-O 10. Ne4 h6 11. Bd2 Nd4 12. Ne1 Ra7 13. Nc3 c6 14. Nxd5 cxd5 15.
Be3 Re8 16. Bxd4 exd4 17. Bf3 Bh3 18. Ng2 g5 19. Re1 a4 20. e4 dxe3 21. Nxe3 d4
22. Nc4 b5 23. Na3 b4 24. Nc4 Be6 25. Rc1 a3 26. bxa3 Bxc4 27. Rxc4 Rxe1+ 28.
Qxe1 Rxa3 29. Qxb4 Rxd3 30. Qb7 Rc3 31. Ra4 Qc7 32. Ra8+ Bf8 33. Qe4 Rc1+ 34.
Kg2 Qc4 35. Be2 Qc6 36. Qxc6 Rxc6 37. a4 Rc2 38. Bd3 Rc3 39. Bb5 Kg7 40. Rd8
Bc5 41. a5 d3 42. Bxd3 Ra3 43. a6 Ra2 44. g4 Rxf2+ 45. Kg3 Rd2 46. Rd5 Bb6 47.
h3 Ba7 48. Rd7 Kf6 49. Kf3 Ke5 50. Rd8 Rf2+ 51. Kg3 Rf6 52. Ra8 Kd4 53. Rxa7
Kxd3 54. Rd7+ Ke2 55. Re7+ Kf1 56. a7 Ra6 57. Rxf7+ Kg1 58. Kf3 Kh2 59. h4 gxh4
60. Rh7 h3 61. Rxh6 Rxa7 62. g5 Ra3+ 63. Kf4 Kg2 64. g6 h2 65. Rxh2+ Kxh2 66.
Kg5 Kg3 67. g7 Kf2 68. Kg6 Rg3+ 69. Kf7 Rxg7+ 70. Kxg7 1/2-1/2

[Event "18. Open Ciutat de Montcada 2010"]
[Site "Montcada i Reixac ESP"]
[Date "2010.07.02"]
[Round "8.10"]
[White "Cotonnec, Melkior"]
[Black "Alonso Garcia, Rene Marcial"]
[Result "0-1"]
[WhiteElo "2296"]
[BlackElo "2393"]
[PlyCount "118"]
[EventDate "2010.06.25"]
[EventType "swiss"]
[EventRounds "9"]
[EventCountry "ESP"]
[Source "lmi"]
[SourceDate "2010.06.25"]

1. e4 e5 2. Nc3 Nf6 3. Bc4 d6 4. f4 Be7 5. d3 O-O 6. Nf3 exf4 7. Bxf4 c6 8. Bb3
a5 9. O-O Na6 10. Qe2 Nc5 11. d4 Nxb3 12. axb3 Bg4 13. h3 Bh5 14. Rae1 Qb6 15.
Qd2 Rfe8 16. Bg3 Bg6 17. Nh4 Nxe4 18. Nxe4 Bxh4 19. Nxd6 Rxe1 20. Bxe1 Bg5 21.
Qf2 Bf6 22. Bc3 Qc7 23. Nc4 b5 24. Ne5 b4 25. Nxg6 bxc3 26. Ne5 cxb2 27. c3 Qb6
28. b4 axb4 29. Nd7 Qb5 30. Nxf6+ gxf6 31. Qxb2 b3 32. Rb1 Rb8 33. Rc1 Qc4 34.
Kh1 Rb5 35. Kg1 Kg7 36. Kh1 h6 37. Rb1 f5 38. Kg1 Kh7 39. Kh2 Qd3 40. Rc1 Qc4
41. Rb1 Kg6 42. Kh1 Qd3 43. Rc1 f4 44. c4 Rg5 45. Rc3 Qd1+ 46. Kh2 Rg3 47. Rc1
Qd3 48. Qf2 Qe3 49. Qb2 Qe4 50. d5 Re3 51. Rg1 cxd5 52. cxd5 Qxd5 53. Qf2 Qe5
54. Kh1 Kh7 55. Rf1 Qe4 56. Kg1 Re2 57. Qf3 Qxf3 58. Rxf3 b2 59. Kf1 Rc2 0-1

[Event "18. Open Ciutat de Montcada 2010"]
[Site "Montcada i Reixac ESP"]
[Date "2010.07.03"]
[Round "9.1"]
[White "Narciso Dublan, Marc"]
[Black "Bruzon Batista, Lazaro"]
[Result "1/2-1/2"]
[WhiteElo "2535"]
[BlackElo "2668"]
[PlyCount "40"]
[EventDate "2010.06.25"]
[EventType "swiss"]
[EventRounds "9"]
[EventCountry "ESP"]
[Source "lmi"]
[SourceDate "2010.06.25"]

1. e4 e5 2. Nc3 Nf6 3. g3 d5 4. exd5 Nxd5 5. Bg2 Nxc3 6. bxc3 Nc6 7. Nf3 Bc5 8.
O-O O-O 9. Re1 Qf6 10. Qe2 Bg4 11. Qe4 Bf5 12. Qc4 Bb6 13. d3 Rfe8 14. Bg5 Qd6
15. Nd2 h6 16. Be3 Rad8 17. Ne4 Qd7 18. Qb5 Bh3 19. Bh1 Be6 20. a4 Ra8 1/2-1/2

[Event "18. Open Ciutat de Montcada 2010"]
[Site "Montcada i Reixac ESP"]
[Date "2010.07.03"]
[Round "9.2"]
[White "Cuartas, Jaime Alexander"]
[Black "Mihailovs, Jurijs"]
[Result "1/2-1/2"]
[WhiteElo "2529"]
[BlackElo "2405"]
[PlyCount "82"]
[EventDate "2010.06.25"]
[EventType "swiss"]
[EventRounds "9"]
[EventCountry "ESP"]
[Source "lmi"]
[SourceDate "2010.06.25"]

1. e4 c5 2. c3 d5 3. exd5 Qxd5 4. d4 e6 5. Nf3 Nf6 6. Na3 Qd8 7. Nc4 Nc6 8.
Nce5 Nxe5 9. Nxe5 a6 10. Qa4+ Nd7 11. Be3 Qc7 12. Bb5 cxd4 13. Nxd7 Bxd7 14.
Bxd7+ Qxd7 15. Qxd7+ Kxd7 16. Bxd4 Kc6 17. f4 Bc5 18. O-O-O Rad8 19. Bxc5 Kxc5
20. Rhe1 Rd6 21. b4+ Kc6 22. Rxd6+ Kxd6 23. c4 Re8 24. Kc2 e5 25. Kd3 f5 26.
fxe5+ Rxe5 27. c5+ Kd5 28. Rxe5+ Kxe5 29. Kc4 g5 30. a4 f4 31. b5 g4 32. c6
axb5+ 33. axb5 bxc6 34. bxc6 Kd6 35. Kd4 Kxc6 36. Ke4 f3 37. gxf3 gxf3 38. Kxf3
Kd5 39. Kf4 Ke6 40. Kg5 Kf7 41. Kh6 Kg8 1/2-1/2

[Event "18. Open Ciutat de Montcada 2010"]
[Site "Montcada i Reixac ESP"]
[Date "2010.07.03"]
[Round "9.3"]
[White "Gonzalez Vidal, Yuri"]
[Black "Almeida Quintana, Omar"]
[Result "1-0"]
[WhiteElo "2543"]
[BlackElo "2541"]
[PlyCount "51"]
[EventDate "2010.06.25"]
[EventType "swiss"]
[EventRounds "9"]
[EventCountry "ESP"]
[Source "lmi"]
[SourceDate "2010.06.25"]

1. e4 c5 2. Nf3 d6 3. d4 Nf6 4. Nc3 cxd4 5. Nxd4 a6 6. Be3 e6 7. f3 b5 8. Qd2
Nbd7 9. g4 h6 10. O-O-O Ne5 11. f4 Nexg4 12. e5 dxe5 13. fxe5 Nxe5 14. Qg2 Bd7
15. Bf4 Ng6 16. Nxe6 Nxf4 17. Nxf4 Be7 18. Rg1 g5 19. Nfd5 O-O 20. Bd3 b4 21.
Nxf6+ Bxf6 22. Qe4 Re8 23. Qh7+ Kf8 24. Bc4 Re7 25. Qxh6+ Bg7 26. Qxg5 1-0

[Event "18. Open Ciutat de Montcada 2010"]
[Site "Montcada i Reixac ESP"]
[Date "2010.07.03"]
[Round "9.4"]
[White "Larino Nieto, David"]
[Black "Panelo, Marcelo"]
[Result "1/2-1/2"]
[WhiteElo "2461"]
[BlackElo "2450"]
[PlyCount "116"]
[EventDate "2010.06.25"]
[EventType "swiss"]
[EventRounds "9"]
[EventCountry "ESP"]
[Source "lmi"]
[SourceDate "2010.06.25"]

1. e4 c5 2. Nc3 e6 3. d3 Nc6 4. g3 d5 5. Bg2 dxe4 6. dxe4 Qxd1+ 7. Nxd1 b6 8.
Ne3 Bb7 9. Ne2 O-O-O 10. Bd2 Nd4 11. c3 Nxe2 12. Kxe2 Nf6 13. f3 Be7 14. Rhd1
Nd7 15. f4 Nf6 16. e5 Nd5 17. c4 Nxe3 18. Bxb7+ Kxb7 19. Bxe3 h5 20. Rxd8 Rxd8
21. Rd1 Rxd1 22. Kxd1 g6 23. Kc2 Kc6 24. Kd3 a6 25. h3 Bd8 26. Bd2 Be7 27. Ke4
Bd8 28. Be1 Be7 29. Kf3 Kd7 30. g4 hxg4+ 31. Kxg4 f5+ 32. exf6 Bxf6 33. b3 b5
34. Bf2 Be7 35. Bg3 b4 36. Bf2 Ke8 37. Kf3 Bd6 38. Ke4 Kd7 39. Bh4 Ke8 40. Bf6
Kf7 41. Bb2 Ke7 42. a3 bxa3 43. Bxa3 Kd7 44. Bb2 Ke8 45. Bc3 Ke7 46. Kf3 Kf7
47. Kg4 Be7 48. Be5 Ke8 49. Bb8 Kd7 50. Kf3 Bd6 51. Bxd6 Kxd6 52. Ke4 Kd7 53.
Ke5 Ke7 54. h4 a5 55. Ke4 Kf6 56. Ke3 Ke7 57. Kf3 Kf7 58. Ke4 Kf6 1/2-1/2

[Event "18. Open Ciutat de Montcada 2010"]
[Site "Montcada i Reixac ESP"]
[Date "2010.07.03"]
[Round "9.5"]
[White "Cruz, Filemon"]
[Black "Mestre Bellido, Hector"]
[Result "1/2-1/2"]
[WhiteElo "2447"]
[BlackElo "2404"]
[PlyCount "25"]
[EventDate "2010.06.25"]
[EventType "swiss"]
[EventRounds "9"]
[EventCountry "ESP"]
[Source "lmi"]
[SourceDate "2010.06.25"]

1. c4 e5 2. Nc3 Nc6 3. g3 g6 4. Bg2 Bg7 5. Rb1 a5 6. d3 d6 7. e3 f5 8. Nge2 Nf6
9. b3 O-O 10. a3 Ne7 11. Bb2 c6 12. O-O Be6 13. Ra1 1/2-1/2

[Event "18. Open Ciutat de Montcada 2010"]
[Site "Montcada i Reixac ESP"]
[Date "2010.07.03"]
[Round "9.6"]
[White "Martinez Duany, Lelys Stanley"]
[Black "Munoz Pantoja, Miguel"]
[Result "0-1"]
[WhiteElo "2515"]
[BlackElo "2476"]
[PlyCount "72"]
[EventDate "2010.06.25"]
[EventType "swiss"]
[EventRounds "9"]
[EventCountry "ESP"]
[Source "lmi"]
[SourceDate "2010.06.25"]

1. Nf3 c5 2. g3 Nc6 3. Bg2 g6 4. O-O Bg7 5. c4 d6 6. Nc3 e5 7. d3 Nge7 8. a3
O-O 9. Bd2 b6 10. b4 Bb7 11. Ne1 Qd7 12. Nc2 Nd4 13. Ne3 Bxg2 14. Kxg2 f5 15.
f4 exf4 16. gxf4 Rae8 17. h4 h5 18. Ra2 Kh7 19. Kh3 Ng8 20. Ned5 Nh6 21. e3 Nc6
22. b5 Ne7 23. Nxe7 Bxc3 24. Nd5 Bxd2 25. Rxd2 Ng4 26. Qf3 Re6 27. Re2 Rfe8 28.
a4 Qg7 29. Kg3 Nf6 30. Rfe1 Nxd5 31. Qxd5 Qc3 32. Kf3 Qf6 33. Rh1 R8e7 34. Kf2
Qc3 35. Rhe1 Kg7 36. Rg1 Rxe3 0-1

[Event "18. Open Ciutat de Montcada 2010"]
[Site "Montcada i Reixac ESP"]
[Date "2010.07.03"]
[Round "9.7"]
[White "Karlsson, Lars"]
[Black "Alonso Garcia, Rene Marcial"]
[Result "1-0"]
[WhiteElo "2453"]
[BlackElo "2393"]
[PlyCount "89"]
[EventDate "2010.06.25"]
[EventType "swiss"]
[EventRounds "9"]
[EventCountry "ESP"]
[Source "lmi"]
[SourceDate "2010.06.25"]

1. g3 Nf6 2. Bg2 d5 3. f4 Bg4 4. Nf3 Bxf3 5. Bxf3 Nbd7 6. d4 c6 7. Nd2 Qb6 8.
c3 c5 9. e3 e6 10. a4 Bd6 11. a5 Qc6 12. Qa4 cxd4 13. exd4 Qxa4 14. Rxa4 Ke7
15. c4 b6 16. b3 Rhb8 17. Ra2 Bb4 18. Ba3 Bxa3 19. Rxa3 b5 20. c5 a6 21. b4 Rg8
22. Re3 Nb8 23. g4 Kd7 24. g5 Ne8 25. f5 Nc6 26. O-O Nxd4 27. fxe6+ fxe6 28.
Bg4 Nc7 29. Rf7+ Kc6 30. Rd3 e5 31. Rxd4 exd4 32. Nf3 Rae8 33. Nxd4+ Kb7 34.
Ne6 Ra8 35. c6+ Kb8 36. Nc5 Re8 37. Nd7+ Ka7 38. Nb6 Rad8 39. Nd7 Ka8 40. Bf3
Rg8 41. h4 d4 42. Kf2 Rde8 43. h5 h6 44. g6 Rc8 45. Nf6 1-0

[Event "18. Open Ciutat de Montcada 2010"]
[Site "Montcada i Reixac ESP"]
[Date "2010.07.03"]
[Round "9.8"]
[White "Perpinya Rofes, Lluis Maria"]
[Black "Asis Gargatagli, Hipolit"]
[Result "1/2-1/2"]
[WhiteElo "2344"]
[BlackElo "2406"]
[PlyCount "85"]
[EventDate "2010.06.25"]
[EventType "swiss"]
[EventRounds "9"]
[EventCountry "ESP"]
[Source "lmi"]
[SourceDate "2010.06.25"]

1. e4 Nf6 2. e5 Nd5 3. d4 d6 4. c4 Nb6 5. exd6 exd6 6. Nc3 Nc6 7. Be3 Be7 8.
Bd3 O-O 9. Nge2 Nb4 10. b3 c6 11. Bb1 d5 12. c5 Nd7 13. O-O b6 14. a3 Na6 15.
b4 Nc7 16. Nf4 Ba6 17. Re1 Re8 18. Nd3 Bf6 19. Ra2 Ne6 20. Ne2 Bc4 21. Rd2 g6
22. Nb2 Bxe2 23. Rdxe2 bxc5 24. dxc5 Bc3 25. Rf1 a5 26. Nd3 axb4 27. axb4 Qh4
28. Bd2 Nd4 29. Rxe8+ Rxe8 30. Re1 Rxe1+ 31. Qxe1 Bxd2 32. Qxd2 Qg4 33. Kf1 Ne6
34. h3 Qc4 35. Qa2 Qb5 36. Kg1 h5 37. Qa7 Ndxc5 38. Nxc5 Qxb4 39. Bxg6 fxg6 40.
Qe7 Nxc5 41. Qe8+ Kg7 42. Qe7+ Kh6 43. Qe8 1/2-1/2

[Event "18. Open Ciutat de Montcada 2010"]
[Site "Montcada i Reixac ESP"]
[Date "2010.07.03"]
[Round "9.10"]
[White "Bhat, Vinay S"]
[Black "Lorenzo De La Riva, Lazaro"]
[Result "1-0"]
[WhiteElo "2547"]
[BlackElo "2390"]
[PlyCount "53"]
[EventDate "2010.06.25"]
[EventType "swiss"]
[EventRounds "9"]
[EventCountry "ESP"]
[Source "lmi"]
[SourceDate "2010.06.25"]

1. d4 Nf6 2. c4 c5 3. d5 b5 4. cxb5 a6 5. bxa6 g6 6. Nc3 Bxa6 7. Nf3 d6 8. e4
Bxf1 9. Kxf1 Bg7 10. g3 O-O 11. Kg2 Nbd7 12. a4 Ng4 13. Nd2 Bxc3 14. bxc3 Ngf6
15. Qc2 Qb6 16. Bb2 Ne8 17. c4 Nc7 18. Bc3 Na6 19. Nf1 Nb4 20. Qe2 e5 21. dxe6
fxe6 22. h4 Kf7 23. h5 g5 24. h6 Nc6 25. Qh5+ Ke7 26. Qxg5+ Nf6 27. Qg7+ 1-0